Go away, bad dreams / (Record no. 113478)
[ view plain ]
| 000 -LEADER | |
|---|---|
| fixed length control field | 00390nam a2200157 a 4500 |
| 001 - CONTROL NUMBER | |
| control field | 0548 |
| 005 - DATE AND TIME OF LATEST TRANSACTION | |
| control field | 20140414132022.0 |
| 008 - FIXED-LENGTH DATA ELEMENTS--GENERAL INFORMATION | |
| fixed length control field | 040201s19uu xx 00 eng d |
| 020 ## - INTERNATIONAL STANDARD BOOK NUMBER | |
| International Standard Book Number | 0-394-87222-3 |
| 050 ## - LIBRARY OF CONGRESS CALL NUMBER | |
| Classification number | TR |
| Item number | G54 1984 |
| 100 ## - MAIN ENTRY--PERSONAL NAME | |
| Personal name | Hill, Susan |
| 245 ## - TITLE STATEMENT | |
| Title | Go away, bad dreams / |
| Statement of responsibility, etc | Susan Hill. |
| 260 ## - PUBLICATION, DISTRIBUTION, ETC. (IMPRINT) | |
| Place of publication, distribution, etc | New York : |
| Name of publisher, distributor, etc | Random House, |
| Date of publication, distribution, etc | 1984. |
| 300 ## - PHYSICAL DESCRIPTION | |
| Extent | p. ; cm. |
| Withdrawn status | Lost status | Damaged status | Use restrictions | Home library | Current library | Shelving location | Date acquired | Source of acquisition | Total Checkouts | Full call number | Barcode | Date last seen | Price effective from | Koha item type |
|---|---|---|---|---|---|---|---|---|---|---|---|---|---|---|
| Munich Library | Munich Library | Teachers Reference Section | 02/01/2004 | TR G54 1984 | M5049 | 04/14/2014 | 04/14/2014 | Books |